Où cela pousse-t-il ? - Clic Quiz #1 - Statistiques

Statistiques générales
  • Ce quiz a été pris 31 951 fois
  • Le résultat moyen est 15 sur 26
Statistiques - réponses
Hint Réponse % Correct
Pomme
87%
Cerise
84%
Citron
82%
Pomme de terre
81%
Noix
78%
Olive
77%
Carotte
77%
Laitue
76%
Raisin
71%
Oignon
67%
Betterave
66%
Brocoli
64%
Avocat
59%
Tomate
59%
Ail
54%
Gingembre
53%
Rhubarbe
52%
Pousse de bambou
50%
Céleri-branche
46%
Asperge verte
45%
Pastèque
40%
Concombre
38%
Cannelle
33%
Citrouille
33%
Kiwi
20%
Cacahuète
14%
Aucun quiz correspondant
Distribution des résultats
% des personnes avec chaque résultat
Percentile par nombre de réponses
Votre historique - résultats
Vous n’avez pas pris ce quiz